00680nam a2200229 a 45000010010000000030011000100080041000210200009000620350026000710920011000971000035001082450067001432600030002103000018002405000012002586500012002708560030002829420012003129520089003249980020004139990017004330001-1209ELIB.Books150519 2010 eng  aKBTS a(ELIB.Books)0001-1364 aJbMos aMostert, Johan, Marvin Gilbert aObtaining Informed Consent in Missiological Sensitive Contexts c2013 Mission 37,1 Library cVol. 37, No.1 aLibrary aMission nKBTS: LibraryuKBTS: Elib 2ddccBK 00102ddc4070aKBTSbKBTSd2015-05-19l0p9 Jr2022-01-22 00:00:00w2022-01-22yBK cbate2015-05-19 c11209d11209